00492 2200193 4500001002100000005001500021008004100036020002200077035001900099041000700118082001000125090001600135100002000151245002500171250001000196260004300206300002800249650002100277INLIS00000000001586620241224115021241224||||||||| | ||| |||| || |  a978-602-7652-25-5 0010-1224015866 aid0 a372.2 a372.2 HER p0 aHERLINA SITORUS00apiknik ke peternakan aCet.1 atangerangbpenerbit lentera hatic2013 a74 hlm; 24 cm x 19,2 cm 0abuku cerita anak